000 00783nam a2200289Ia 4500
005 20260324121213.0
008 008 260324s9999 xx 000 0 eng d
020 _a9781315880013
037 _aEBOOK
040 _aCRL
040 _beng
040 _cCRL
041 _2eng
041 _aeng
084 _qCRL
100 _aMichael S. Knapp; Michael A. Copland; Meredith I. Honig; Margaret L. Plecki; Bradley S. Portin
_91161604
245 0 _aLearning-Focused Leadership in Action
245 0 _bImproving Instruction in Schools and Districts
260 _bTaylor and Francis
260 _c2014
365 _a
365 _b280
856 _uhttp://www.taylorfrancis.com/books/9781315880013
942 _cEBOOK
999 _c1753555
_d1753555